Alle Bars und Kneipen in der Kreuz - und Jüdefelderstraße in Münster - Statistiken

Allgemein
  • Dieses Quiz wurde 88 mal gespielt
  • Das Durchschnittsergebnis liegt bei 8 aus 13
Antwortstatistiken
Straße Kneipe / Bar % Korrekt
Jüdefelderstraße Davidwache
88%
Jüdefelderstraße Destille
85%
Kreuzstraße Blaues Haus
81%
Jüdefelderstraße Gorilla Bar
81%
Jüdefelderstraße Peacock
65%
Kreuzstraße Pinkus
65%
Kreuzstraße Cavete
64%
Jüdefelderstraße Lawine
64%
Jüdefelderstraße Barzillus
63%
Kreuzstraße Die Ziege
46%
Jüdefelderstraße Eule
43%
Kreuzstraße Rote Liebe / Kreuzstraße 14
43%
Kreuzstraße Pinkulus
21%
Keine übereinstimmenden Quizze gefunden
Verteilung der Resultate
Anzahl Personen mit jedem Resultat
Perzentil nach korrekt beantworteten Fragen
Ihre Resultats-Entwicklung
Sie haben dieses Quiz noch nicht gespielt